000 01454nam a2200313 a 4500
999 _c418243
_d418243
003 BLK
005 20240307155255.0
008 180410b bul|||||r ||||||| ||bul||
010 _aKNG00161064000
020 _a9786190300656
040 _aBLK
041 _aBUL
_cBUL
072 7 _2bullib
_aН83
_xЧужда художествена литература Н
080 _aАмериканска литература (на САЩ)
_b821.111(73)
_x-312.9
_z821.111(73)-312.9
100 1 _aРигс, Рансъм
_eпърви автор
_9332447
139 _aРигс, Рансъм
_bР 58
245 1 0 _aОпустошенията на дяволското гробище : Кн. 6 за чудатите деца на Мис Перигрин за чудати деца
_bРоман
_cРансъм Ригс; прев. от англ. Стефан Теодосиев.
257 _aUSA
260 _aСофия
_bБард
_c2021
300 _a458 с.
_c21 см
380 _aX
500 _aОриг. загл. The Desolations of Devil's Acre / Ransom Riggs. - Кн. 6 за чудатите деца на мис Перигрин.
700 _aТеодосиев, Стефан
_qБожилов, Венцислав Божидаров
_eпрев. от англ.
_9436518
852 _aЦб 311705
_bЦб
942 _cKNG
_n0
_s1
_04
944 _aCR
_c2020-10-16
_k30545
_lНора Радева
944 _aED
_c2022-03-16
_kСТ
999 _d418243